| 000 | 00986nam a22002297a 4500 | ||
|---|---|---|---|
| 999 |
_c5088 _d5088 |
||
| 003 | AR-CdUCM | ||
| 008 | 190312b ||||| |||| 00| 0 spa d | ||
| 020 | _a84-7223-378-1 | ||
| 040 |
_aMUNICIPALIDAD PROVINCIAL DEL CUSCO _cBIBLIOTECA MUNICIPAL DEL CUSCO |
||
| 082 |
_a868.6 / _bZ62 |
||
| 100 |
_aZelaya Kolker, Marielena _915488 |
||
| 245 | _aTestimonios americanos de los escritos españoles transterrados de 1939 / | ||
| 260 |
_aMadrid : _bCultura Hispánica, _c1985. |
||
| 300 |
_a272 páginas ; _c21 cm. |
||
| 505 | _aContenido: Un éxodo encabezado por los intelectuales -- El acercamiento difícil el ensayo sobre los países de asilo -- Visto y no visto América en la poesía de los transterrados -- Los temas Americanos en el drama del exilio -- María Teresa León ... | ||
| 650 |
_aLiteratura española _9362 |
||
| 650 |
_aSiglo XX _98 |
||
| 650 |
_aBiografía _922 |
||
| 710 |
_aInstituto de Cooperación Iberoamericana. _94266 |
||
| 942 |
_2ddc _cLIBROS |
||
| 945 | _aachl | ||